Regulatory frameworks for water resources management : a comparative study (Record no. 55972)
[ view plain ]
| 000 -LEADER | |
|---|---|
| fixed length control field | 00853nam a2200217 a 4500 |
| 001 - CONTROL NUMBER | |
| control field | 14175565 |
| 008 - FIXED-LENGTH DATA ELEMENTS--GENERAL INFORMATION | |
| fixed length control field | 150826s2006 ||||||||||||||||| || u |
| 010 ## - LIBRARY OF CONGRESS CONTROL NUMBER | |
| LC control number | 2005058109 |
| 020 ## - INTERNATIONAL STANDARD BOOK NUMBER | |
| International Standard Book Number | 0821365193 (pbk.) |
| 020 ## - INTERNATIONAL STANDARD BOOK NUMBER | |
| International Standard Book Number | 9780821365199 |
| 050 ## - LIBRARY OF CONGRESS CALL NUMBER | |
| Classification number | IBRD(06)LJD/2006/2 |
| 100 ## - MAIN ENTRY--PERSONAL NAME | |
| Personal name | Salman, Salman M. A |
| 245 10 - TITLE STATEMENT | |
| Title | Regulatory frameworks for water resources management : a comparative study |
| Statement of responsibility, etc. | Salman M.A. Salman and Daniel D. Bradlow. |
| 260 ## - PUBLICATION, DISTRIBUTION, ETC. | |
| Place of publication, distribution, etc. | Washington, D.C. |
| Name of publisher, distributor, etc. | World Bank |
| Date of publication, distribution, etc. | 2006 |
| 300 ## - PHYSICAL DESCRIPTION | |
| Extent | xv, 198 p. |
| 490 ## - SERIES STATEMENT | |
| Series statement | Law, justice, and development |
| 500 ## - GENERAL NOTE | |
| General note | Includes bibliographical references |
| 650 #0 - SUBJECT ADDED ENTRY--TOPICAL TERM | |
| Topical term or geographic name entry element | WATER RESOURCES DEVELOPMENT--LAW AND LEGISLATION |
| 700 ## - ADDED ENTRY--PERSONAL NAME | |
| Personal name | Bradlow, Daniel D |
| 995 ## - RECOMMENDATION 995 [LOCAL, UNIMARC FRANCE] | |
| -- | CBU-MAIN LIBRARY (Kitwe) |
| -- | 1 |
| -- | AVAILABLE |
| -- | Aug 26, 2015 |
| -- | International Publications |
| Withdrawn status | Lost status | Source of classification or shelving scheme | Damaged status | Not for loan | Home library | Current library | Shelving location | Date acquired | Total Checkouts | Full call number | Barcode | Date last seen | Price effective from | Koha item type |
|---|---|---|---|---|---|---|---|---|---|---|---|---|---|---|
| CBU-MAIN LIBRARY, KITWE. | CBU-MAIN LIBRARY, KITWE. | 11/30/2022 | IBRD(06)LJD/2006/2 | 52489 | 11/30/2022 | 11/30/2022 | MONOGRAPH |